<?xml version="1.0" encoding="UTF-8"?>
<record
    xmlns:xsi="http://www.w3.org/2001/XMLSchema-instance"
    xsi:schemaLocation="http://www.loc.gov/MARC21/slim http://www.loc.gov/standards/marcxml/schema/MARC21slim.xsd"
    xmlns="http://www.loc.gov/MARC21/slim">

  <leader>00813nam a2200205 i 4500</leader>
  <controlfield tag="001">14450</controlfield>
  <controlfield tag="003">ES-MaACL</controlfield>
  <controlfield tag="005">20230906150821.0</controlfield>
  <controlfield tag="007">t|</controlfield>
  <controlfield tag="008">990315s1997    sp           ||||1| spa d</controlfield>
  <datafield tag="080" ind1=" " ind2=" ">
    <subfield code="a">903(468.17 Ardales)</subfield>
  </datafield>
  <datafield tag="100" ind1="1" ind2=" ">
    <subfield code="a">Cantalejo Duarte, Pedro.</subfield>
    <subfield code="9">34621</subfield>
  </datafield>
  <datafield tag="245" ind1="1" ind2="0">
    <subfield code="a">Cueva de Ardales </subfield>
    <subfield code="b">: gu&#xED;a del legado hist&#xF3;rico y social : 175&#xBA; Aniversario del descubrimiento (1821-1996) / </subfield>
    <subfield code="c">Pedro Cantalejo Duarte, Mar&#xED;a del Mar Espejo Herrer&#xED;as, Jos&#xE9; Ramos Mu&#xF1;oz.</subfield>
  </datafield>
  <datafield tag="260" ind1=" " ind2=" ">
    <subfield code="a">Ardales : </subfield>
    <subfield code="b">Museo Municipal, </subfield>
    <subfield code="c">1997.</subfield>
  </datafield>
  <datafield tag="300" ind1=" " ind2=" ">
    <subfield code="a">108 p. : </subfield>
    <subfield code="b">il. ; </subfield>
    <subfield code="c">24 cm.</subfield>
  </datafield>
  <datafield tag="651" ind1=" " ind2="4">
    <subfield code="a">Cueva de Ardales (M&#xE1;laga)-</subfield>
    <subfield code="x">Restos arqueol&#xF3;gicos prehist&#xF3;ricos.</subfield>
    <subfield code="9">8124</subfield>
  </datafield>
  <datafield tag="700" ind1="1" ind2=" ">
    <subfield code="a">Espejo Herrer&#xED;as, Mar&#xED;a del Mar.</subfield>
    <subfield code="9">47801</subfield>
  </datafield>
  <datafield tag="700" ind1="1" ind2=" ">
    <subfield code="a">Ramos Mu&#xF1;oz, Jos&#xE9;.</subfield>
    <subfield code="9">95341</subfield>
  </datafield>
  <datafield tag="852" ind1=" " ind2=" ">
    <subfield code="a">ES-MaACL</subfield>
    <subfield code="j">L-21662 </subfield>
    <subfield code="b">R.126970</subfield>
  </datafield>
  <datafield tag="999" ind1=" " ind2=" ">
    <subfield code="c">14450</subfield>
    <subfield code="d">14450</subfield>
  </datafield>
  <datafield tag="952" ind1=" " ind2=" ">
    <subfield code="0">0</subfield>
    <subfield code="1">0</subfield>
    <subfield code="4">0</subfield>
    <subfield code="7">0</subfield>
    <subfield code="a">ATENEOM</subfield>
    <subfield code="b">ATENEOM</subfield>
    <subfield code="c">DEPO2</subfield>
    <subfield code="d">2008-01-17</subfield>
    <subfield code="e">SC</subfield>
    <subfield code="l">0</subfield>
    <subfield code="o">L-21662</subfield>
    <subfield code="p">1014698</subfield>
    <subfield code="r">2023-02-23 00:00:00</subfield>
    <subfield code="w">2023-02-23</subfield>
    <subfield code="y">MONOGRAFIA</subfield>
  </datafield>
</record>
